01056 2200205 4500001002100000005001500021035002000036008004100056245003200097100001600129250000600145260003800151300001200189084001400201082000800215650001000223520059300233990001200826990001200838INLIS00000000000098320240529074849 a0010-0524000218240529 1 ind 1 aThe udik girl /cAfin Yulia aYulia, Afin a1 aYogyakarta :bSheila/ Andi,c2015 a138 hlm a813 AFI t a813 4aFiksi aSuatu ketika, saat berkeliling menjajakan dagangannya, gerobak bakso Ning terguling. Hujan yang turun beberapa waktu sebelumnya membuat jalanan di kampung Ning menjadi becek dan licin. Di tengah keadaan genting itulah, Ning spontan mengeluarkan sebuah nadzar. Ning bernadzar, "Barang siapa yang datang bantuin aku, jika cowok akan kujadikan suami, jika cewek akan aku jadikan saudara, " ucapnya spontan. Entah kebetulan atau bagaimana, tiba-tiba Ning dikejutkan oleh suara yang menegurnya. Rupanya ada seorang pemuda ganteng yang menawarkan jasa untuk membantu Ning mendirikan gerobaknya. a0741720 a0741721